01420nam a2200325 a 4500001000400000003001000004005001700014008004100031020001800072040002500090080001800115090001800133245017700151260004000328300002000368490005300388500002200441504003600463590004300499650005100542650003500593650003500628700003900663700003900702830005000741942001200791952013900803952013900942999001301081756BR-CuiBMT20231213122400.0231116s2014 mgb 001 0 por d a9788577008292 aBR-CuiBMTcBR-CuiBMT 22007a343.352 a343.352bL52500aLei anticorrupção empresarial :baspectos críticos à Lei n° 12846/2013 /cMelillo Dinis do Nascimento (organizador) ; [autores: Jaques Fernando Reolon ... et al.]. aBelo Horizonte :bFórum, cc2014. a188 p. ;c24 cm1 aColeção Jacoby de direito público ;vv. 13 aVários autores. aInclui bibliografia e índice. aA Biblioteca possui a 1. reimpr. 2014. aDireito administrativovLegislaçãozBrasil aCorrupçãoxCombatezBrasil aDireito constitucionalzBrasil1 aNascimento, Melillo Dinis do4org.1 aReolon, Jaques F.eet al.eautores 0aColeção Jacoby de direito público ;v13 2udccLV 00102udc4070aBIBTCEMTbBIBTCEMTd2019-08-13l0o343.352 L525pBIBTCEMT23110652r2023-11-16tEx. 1w2023-11-16yLVz1. reimpr. 2014 00102udc4070aBIBTCEMTbBIBTCEMTd2023-11-22l0o343.352 L525pBIBTCEMT23110842r2023-11-22tEx. 2w2023-11-22yLVz1. reimpr. 2014 c756d756